Carrière ancien joueurs #1 - Statistiques

Statistiques générales
  • Ce quiz a été pris 102 fois
  • Le résultat moyen est 12 sur 15
Statistiques - réponses
Club Club Club Club Club Club Club Réponse % Correct
Cruzeiro 🇧🇷(1993-1994) PSV Eindhoven 🇳🇱(1994-1996) Barcelone 🇪🇸(1996-1997) Inter Milan 🇮🇹 (1997-2002) Real Madrid 🇪🇸(2002-2007) AC Milan 🇮🇹 (2007-2008) Corinthians 🇧🇷(2008-2011) Ronaldo
96%
AS Cannes 🇫🇷(1988-1992) Girondins de Bordeaux 🇫🇷(1992-1996) Juventus 🇮🇹 (1996-2001) Real Madrid 🇪🇸(2001-2006) Zinedine Zidane
96%
AS Roma 🇮🇹(1993-2017) Francesco Totti
94%
Argentino Juniors 🇦🇷(1976-1981) Boca Juniors 🇦🇷(1981-1982) FC Barcelone 🇪🇸(1982-1984) SSC Naples 🇮🇹(1984-1992) Séville FC 🇪🇸 (1992-1993) Newell's Old Boys 🇦🇷(1993-1995) Boca Juniors 🇦🇷(1995-1997) Diego Maradona
93%
AS Monaco 🇫🇷(1994-1999) Juventus 🇮🇹(1999) Arsenal 🏴󠁧󠁢󠁥󠁮󠁧󠁿(1999-2007) Barcelone 🇪🇸(2007-2010) New York Red Bulls 🇺🇸(2010-2014) Arsenal 🏴󠁧󠁢󠁥󠁮󠁧󠁿(2012 en prêt) Thierry Henry
93%
FC Groningue 🇳🇱(2000-2002) PSV Eindhoven 🇳🇱(2002-2004) Chelsea 🏴󠁧󠁢󠁥󠁮󠁧󠁿(2004-2007) Real Madrid 🇪🇸(2007-2009) Bayern Munich 🇩🇪 (2009-2019) FC Groningue🇳🇱 (2020-2021) Arjen Robben
88%
Sporting CP 🇵🇹(1990-1995) Barcelone 🇪🇸(1995-2000) Real Madrid 🇪🇸(2000-2005) Inter Milan 🇮🇹(2005-2009) Luis Figo
86%
Feyenoord 🇳🇱 (2001-2004) Arsenal 🏴󠁧󠁢󠁥󠁮󠁧󠁿 (2004-2012) Manchester United (2012-2015) Fenerbahçe SK 🇹🇷 (2015-2018) Feyenoord 🇳🇱(2018-2019) Robin Van Persie
80%
FC Nantes 🇫🇷(1985-1989) Olympique de Marseille🇫🇷 (1989-1994) Girondins de Bordeaux🇫🇷 (1990-1991 en prêt) Juventus 🇮🇹(1994-1999) Chelsea 🏴󠁧󠁢󠁥󠁮󠁧󠁿(1999-2000) Valence 🇪🇸(2000-2001) Didier Deschamps
73%
Ajax 🇳🇱 (1981-1987) AC Milan 🇮🇹 (1987-1995) Marco Van Basten
68%
Chemnitzer FC 🇩🇪(1995-1997) FC Kaiserlautern 🇩🇪(1997-1999) Bayer Leverkusen 🇩🇪(1999-2002) Bayern Munich 🇩🇪(2002-2006) Chelsea 🏴󠁧󠁢󠁥󠁮󠁧󠁿 (2006-2010) Bayer Leverkusen 🇩🇪 (2010-2012) Michael Ballack
65%
Ajax 🇳🇱 (1992-1995) Sampdoria 🇮🇹(1995-1996) Real Madrid 🇪🇸(1996-1999) Inter Milan 🇮🇹(1999-2002) AC Milan 🇮🇹(2002-2012) Botafogo 🇧🇷(2012-2014) Clarence Seedorf
61%
LR Vicence 🇮🇹(1982-1985) AC Fiorentina 🇮🇹 (1985-1990) Juventus 🇮🇹(1990-1995) AC Milan 🇮🇹(1995-1997) Bologne FC 🇮🇹(1997-1998) Inter Milan 🇮🇹(1998-2000) Brescia Calcio 🇮🇹 (2000-2004) Roberto Baggio
58%
Newell's Old Boys 🇦🇷(1988-1989) River Plate 🇦🇷(1989-1990) Boca Juniors 🇦🇷(1990-1991) AC Fiorentina 🇮🇹(1991-2000) AS Rome 🇮🇹(2000-2003) Inter Milan 🇮🇹(2003) Al-Arabi SC 🇶🇦(2003-2005) Gabriel Batistuta
54%
Benfica Lisbonne 🇵🇹(1990-1994) AD Fafe 🇵🇹(1990-1991 en prêt) AC Fiorentina 🇮🇹(1994-2001) AC Milan 🇮🇹(2001-2006) Benfica Lisbonne 🇵🇹(2006-2008) Rui Costa
48%
Aucun quiz correspondant
Distribution des résultats
% des personnes avec chaque résultat
Percentile par nombre de réponses
Votre historique - résultats
Vous n’avez pas pris ce quiz